| Registos Bibliográficos associados ao registo de autoridade |
|
Etiqueta de registo: 00788cam 2200229 450 001 882956 003 http://id.bnportugal.gov.pt/bib/catbnp/882956 005 20020827103000.0 095 ## $aPTBN01011094 100 ## $a19981002d1997 k y0pory0103 ba 101 0# $apor$deng$dfre 102 ## $aPT 105 ## $aa m 001yy 106 ## $ar 200 1# $aMonitorização e controlo de fermentadores$bTexto policopiado]$eaplicação ao fermento de padeiro$fFilomena Maria da Rocha Menezes de Oliveira Soares 210 #9 $aPorto$c[s.n.],$d1997 215 ## $a1 v. pag. var.$cil.$d30 cm 320 ## $aContém bibliografia 328 ## $aTese dout. Engenharia Química, Univ. do Porto, 1997 675 ## $a66.0(043)$vBN$zpor$3323726 700 #1 $aSoares,$bFilomena Maria da Rocha Meneses de Oliveira $3797712 801 #0 $aPT$bBN$gRPC 966 ## $lBN$mFGMON$sS.A. 87047 V.$x1
Etiqueta de registo: 00000nam 2200025 450 001 1927070 003 http://id.bnportugal.gov.pt/bib/catbnp/1927070 100 ## $a20160401d2014 k y0pory01030103ba 101 0# $aeng$dpor 102 ## $aPT 105 ## $aa m 000yy 106 ## $ar 200 1# $aAffective robotics for socio-emotional development in children with autism spectrum
disorders$fSandra Cristina Cunha Costa$gorient. Filomena Maria da Rocha Menezes de Oliveira Soares, Cristina Manuela Peixoto
Santos 210 #9 $a[Braga$cs.n.],$d2014 215 ## $aXXV, [3], 263 p.$cil.$d30 cm 320 ## $aContém bibliografia 328 #1 $aTese dout. Engenharia Eletrónica e de Computadores, Escola de Engenharia, Univ. do
Minho, 2014 675 ## $a681.5(043)$vBN$zpor$3297997 675 ## $a007(043)$vBN$zpor$3480725 675 ## $a616.896-053.2(043)$vBN$zpor$31480964 675 ## $a159.942-053.2-056.3(043)$vBN$zpor$31642731 700 #1 $aCosta,$bSandra Cristina Cunha$31641062 702 #1 $aSoares,$bFilomena Maria da Rocha Meneses de Oliveira $4727$3797712 702 #1 $aSantos,$bCristina Manuela Peixoto$4727$31596673 801 #0 $aPT$bBN$gRPC 966 ## $lBN$mFGMON$sS.A. 161434 V.$x1
Etiqueta de registo: 00000nam 2200025 450 001 2273905 003 http://id.bnportugal.gov.pt/bib/catbnp/2273905 100 ## $a20260302d2023 k y0pory01030103ba 101 0# $aeng$dpor 102 ## $aPT 105 ## $aa m 000yy 106 ## $ar 200 1# $a A hybrid approach on a robotic system and playware technology to adapt and predict
behaviours from children with autism spectrum disorder$fVinícius Corrêa Alves da Silva$gorient. Filomena Maria da Rocha Menezes de Oliveira Soares, João Miguel Clemente de
Sena Esteves 210 #9 $a[S.l.$cs.n.],$d2023 215 ## $aXXII, 237 p.$d30 cm 328 #1 $aTese dout. Engenharia Electrónica e de Computadores, Escola de Engenharia, Universidade
do Minho, 2023 675 ## $a681.58.01(043)$vBN$zpor$31419390 675 ## $a616.896-085-053.2(043)$vBN$zpor$31996145 700 #1 $aSilva,$bVinícius Corrêa Alves da$31988116 702 #1 $aSoares,$bFilomena Maria da Rocha Meneses de Oliveira $4727$3797712 702 #1 $aEsteves,$bJoão Miguel Clemente de Sena$4727$31988120 801 #0 $aPT$bBN$gRPC 856 40 $2Cópia digital disponível no RepositóriUM - Universidade do Minho$uhttps://hdl.handle.net/1822/85359 966 ## $lBN$mFGMON$sS.A. 193632 V.$x1 971 ## $corlando$d20260302 972 ## $e0$z0$d20260422$vlrevez 973 ## $cigoulao$d20260417
Etiqueta de registo: 00000nam 2200025 450 001 2289380 003 http://id.bnportugal.gov.pt/bib/catbnp/2289380 100 ## $a20260702d2024 k y0pory01030103ba 101 0# $aeng$dpor 102 ## $aPT 105 ## $aa m 000yy 106 ## $ar 200 1# $aDevelopment of an intelligent computer vision system for identification, characterization
and analysis of yarn quality$fFilipe Alexandre de Sousa Pereira$gorient. Filomena Maria da Rocha Menezes de Oliveira Soares, Vítor Hugo Mendes da Costa
Carvalho, Rosa Maria Castro Fernandes Vasconcelos 210 #9 $a[S.l.$cs.n.],$d2024 215 ## $aXXI, 268 p.$cil.$d30 cm 328 #1 $aTese dout. Electronics and Computers Engineering (Control, Automation and Robotics),
Escola de Engenharia, Universidade do Minho, 2024 700 #1 $aPereira,$bFilipe Alexandre de Sousa$31481821 702 #1 $aSoares,$bFilomena Maria da Rocha Meneses de Oliveira $4727$3797712 702 #1 $aCarvalho,$bVítor Hugo Mendes da Costa$4727$31226111 702 #1 $aVasconcelos,$bRosa Maria de Castro Fernandes,$f1961-$4727$3111211 801 #0 $aPT$bBN$gRPC 966 ## $lBN$mFGMON$x1 971 ## $corlando$d20260702
|
|
|